000 00761nam a2200217Ia 4500
003 GCL
008 140319s9999 xx 000 0 ara d
020 _a0127368977
040 _aGCL /
_cGCL
082 0 4 _a658.4038011
_bأ ن
100 1 _aاحمد فوزى ملوخية
245 1 0 _aنظم المعلومات الادارية /
_cاحمد فوزى ملوخية
260 _aالقاهرة :
_bمؤسسة حورس الدولية للنشر والتوزيع ،
_c2006
300 _a324 سم ؛
_c24 سم
650 0 4 _aالحاسبات الالكترونية
650 0 4 _aنظم المعلومات
650 0 4 _aالادارة بالمعلومات
650 0 4 _aاتخاذ القرارات
650 0 4 _aالادارة - تطوير
942 _2ddc
_cBK
999 _c9299
_d9299